| 000 | 00889nam a2200193 i 4500 | ||
|---|---|---|---|
| 001 | 79192 | ||
| 003 | ES-MaACL | ||
| 005 | 20230906173926.0 | ||
| 007 | t| | ||
| 008 | 041020q1979 sp ||||1| spa d | ||
| 100 | 1 |
_aHernández Juan, Diego. _962974 |
|
| 245 | 1 | 0 |
_aDiccionario de formularios generales _b: legislación y jurisprudencia / _cDiego Hernández Juan, Alejandro Rodríguez Seguí. |
| 260 |
_a[S.l. : _bs.n., _c1979-] |
||
| 300 |
_a16 v. ; _c22 cm. |
||
| 505 | 8 | _aContiene: T.1: A-APP. -- T.2: APR-AZ. -- T.3: B-CIE. -- T.4: CIF-COM. -- T.5: COM-CON. -- T.6: CON-CUE. -- T.7: CUE-DEL. -- T.8: DEL-DEP. -- T.9: DERECHOS. -- T.10: DER-DIL. -- T.11: DIM-EDA. -- T.12: EDI-EMB. -- T.13: EMB-ERO. -- T.14: ERR-ESTA. -- T.15: ESTE-EXP | |
| 650 | 0 | 4 |
_aDerecho- _zEspaña- _vDiccionarios. _911612 |
| 700 | 1 |
_aRodríguez Seguí, Alejandro. _998817 |
|
| 852 |
_aES-MaACL _jP-549 _bR.106708 |
||
| 999 |
_c79192 _d79192 |
||